| 000 | 00892nam a22001937a 4500 | ||
|---|---|---|---|
| 003 | UA-OsUOA | ||
| 005 | 20210311182557.0 | ||
| 008 | 210311b un ||||| |||| 00| 0 ukr d | ||
| 040 |
_aUA-OsUOA _bukr _cUA-OsUOA _dUA-OsUOA |
||
| 041 | _aukr | ||
| 080 | _a908 | ||
| 090 | _a908 | ||
| 100 | _aДоброчинська В. | ||
| 245 |
_aРадянська практика професійної підготовки вчителя в Острозькому педагогічному училищі (1939–1941, 1944–1956 РР.) _bВалентина Доброчинська |
||
| 300 | _aС. 36-41 | ||
| 650 | _2UDC | ||
| 773 | 0 |
_0570282 _9462359 _dВид-во НаУОА 2020 Острог _o163313 _tНаукові записки Національного університету "Острозької академія". Серія "Історичні науки" |
|
| 942 |
_2udc _cBKA |
||
| 999 |
_c570359 _d570359 |
||